Бумаги по представлениям о разных предметах, по Московской дирекции

Доступно только в Электронных читальных залах Найти на картеНа карте
RUSMARC
00003599nmc2a22000003x 450
001a66c3e33-fb4b-4cf0-93a7-4bf1894bdf9f
00520181126221646.0
100##$a20161223l18211822k l0rusy0189 ca
1010#$arus
102##$aRU
2001#$aБумаги по представлениям о разных предметах, по Московской дирекции
$j27 декабря 1821 г. - 5 декабря 1822 г.
251##$cДело
300##$aДело
801#0$aRU
$bРГИА
$c20161223
$gRCR
801#1$aRU
$bГлавНИВЦ
$c20161223
$2rusmarc
801#2$aRU
$bПБ им. Б.Н. Ельцина
$c20181126
$gRCR
$2rusmarc
850##$aРГИА
852##$aРГИА
$eФедеральное казенное учреждение "Российский государственный исторический архив" (РГИА)
$j2355
937##$hРГИА
$d12236602
$aASBIBLIO_SCAN
462#0$1001dd3991dc-24e1-42ec-8838-ca4255420416
$12001
$a1746-1850 гг.
$1251
$cОпись
$1852
$j1
461#0$10019264ebf8-de62-4f1a-9eb4-9f22098dbbd5
$12001
$aДирекция императорских театров МИДв
$1251
$cФонд
$1852
$j497
215##$a117 л.
$d36,5х26 см
371##$aДокумент не является опубликованным и широко распространяемым
105##$ay###
1222#$ad
035##$aa66c3e33-fb4b-4cf0-93a7-4bf1894bdf9f
856##$uhttp://readingroom.main.prlib.ru/item.aspx?id_node=n121009393&mode=full
Формат отображения